• 首页
  • 本馆介绍
  • 公告通知
  • 最新文献
  • 馆藏检索
  • 电子资源
  • 读者导购
  • 参考咨询
  • 我的图书馆
  • 登录
  • 详细信息显示
  • 放入我的书架
  • 预约/预借图书
  • 作者相关作品
  • 分类相关作品
  • 丛书相关作品
  • 出版社相关作品

书目信息

  • 表格格式
  • 工作单格式
  • 卡片格式
题名:
误差与数据处理
    
 
作者: 刘智敏 编著
分册:  
出版信息: 北京   原子能出版社  1981
页数: 219页
开本: 19cm
丛书名:
单 册:
中图分类: O241.1
科图分类:
主题词: 误差理论 , 数据处理理论
电子资源:
ISBN:
000 00648nam0 2200253 45
001 0181004715
005 20040520100439.2
010    @dCNY0.90
091    @a15175.307
100    @a19950517d1981 em y0chiy0121 ea
101 0  @achi
102    @aCN@b110000
105    @ay z 000yy
106    @ar
200 10 @a误差与数据处理@Awu cha yu shu ju chu li@f刘智敏编著
210    @a北京@c原子能出版社@d1981
215    @a219页@d19cm
606    @a误差理论
606    @a数据处理理论
690    @aO241.1@v3
701  0 @a刘智敏@Aliu zhi min@4编著
801  0 @aCN@b上海图书馆@c20040520
801  2 @aCN@bNLC@c20040520
905    @f1@b167565@dO241.1@e47
    
    误差与数据处理/刘智敏编著.-北京:原子能出版社,1981
    219页;19cm
    
    
    ISBN :CNY0.90
    
●
相关链接 在E读中查询图书 在五车中查询图书 在当当中查询图书 在豆瓣中查询图书


正题名:误差与数据处理     索取号:O241.1/47         预约/预借

序号 登录号 条形码 馆藏地/架位号 状态 备注
1 0167564   001943650   第三借阅区/ [索取号:O241.1/47] 在馆    
2 0167565   001446073   密集书库/ [索取号:O241.1/47] 在馆    
3 0167566   001446064   第二样本阅览室/ [索取号:O241.1/47] 在馆    
唐山师范学院图书馆 欢迎您!
大连网信软件有限公司© 版权所有